Albums / EP / Singles d'Aurora - Statistiques

Statistiques générales
  • Ce quiz a été pris 11 fois
  • Le résultat moyen est 17 sur 39
Statistiques - réponses
Année Enregistrement Titre % Correct
2022 Everything Matters
83%
2015 Runaway
83%
2025 Runaway (Orchestral)
83%
2015 EP Running with the Wolves
83%
2015 Running with the Wolves
83%
2015 Murder Song
67%
2019 The Seed
67%
2019 A Different Kind of Human
50%
2019 Animal
50%
2019 Apple Tree
50%
2013 Awakening
50%
2020 Exist for Love
50%
2021 Giving In to the Love
50%
2021 Heathens
50%
2018 Infections of a Different Kind
50%
2016 I Went Too Far
50%
2022 The Gods We Can Touch
50%
2019 Single The River
50%
2024 What Happened to the Heart?
50%
2022 A Dangerous Thing
33%
2016 Album All My Demons Greeting Me as a Friend
33%
2022 A Temporary High
33%
2021 Cure for Me
33%
2019 Daydreamer
33%
2018 Forgotten Love
33%
2018 Queendom
33%
2024 Some Type Of Skin
33%
2024 The Conflict Of The Mind
33%
2025 The Flood
33%
2020 The Secret Garden
33%
2022 The Woman I am
33%
2023 Your Blood
33%
2015 Single Half the World Away
17%
2019 Into the Unknown
17%
2015 Room 17 5.8.2015
17%
2014 Under Stars
17%
2016 Winter Bird
17%
2016 Conqueror
0%
2020 Stjernestøv
0%
Aucun quiz correspondant
Distribution des résultats
% des personnes avec chaque résultat
Percentile par nombre de réponses
Votre historique - résultats
Vous n’avez pas pris ce quiz